Прилепът (Запис номер 446171)
[ съкратено ]
| 000 -Лидер | |
|---|---|
| Контролно поле с фиксирана дължина | nkm a22 a 4500 |
| 003 - Код на организацията, давaща контролен номер | |
| Контролно поле | BLK |
| 005 - Дата и час на последна редакция | |
| Контролно поле | 20220309020107.0 |
| 008 - Елементи от данни с фиксирана дължина | |
| fixed length control field | 220225b bu ||||| |||| 00| 0|bu d |
| 040 ## - Източник на каталожния запис | |
| Идентификатор на билиотеката - собственик на записа | BLK |
| 041 ## - Код за език | |
| Код за езика на текст/звукозапис или на отделно заглавие | Български |
| Код за езика КДБФ | Български |
| 080 ## - УДК | |
| Текстов определител УДК | Театрална музика. Опера. Оперета. Балет |
| УДК код - определител по УДК | 782 |
| УДК определител | (084.5) |
| УДК - код + определител | 782(084.5) |
| 139 ## - Редно поле | |
| Редна дума | Прилепът |
| 245 ## - Сведения за заглавието | |
| Заглавие | Прилепът |
| Подзаглавни данни | Оперета от Йохан Щраус - син |
| Физически носител (вид на носителя) | [Изобразителен материал] |
| Форма, вид, жанр | Плакат |
| 260 ## - Област на издателските данни | |
| 9 (RLIN) | 441842 |
| Място на издаване, разпространение и проч. | Русе |
| Име на издателя, разпространителя и проч. | б. и. |
| Година на издаване | б. г. |
| 300 ## - Физическа характеристика | |
| Страници | 1 л. |
| Илюстрации и др. | цв. печ. |
| Размери/Мащаб | 67х47 см |
| 380 ## - Жанр | |
| Жанр | Изкуство |
| 500 ## - Общи забележки | |
| Забележка | Държавна опера - Русе.-<br/>Доходно здание - 29 декември. |
| 653 #7 - Ключова дума – ненормативна | |
| Ключова дума | опера |
| 9 (RLIN) | 192829 |
| 653 #7 - Ключова дума – ненормативна | |
| 9 (RLIN) | 197100 |
| Ключова дума | спектакли |
| 653 #0 - Ключова дума – ненормативна | |
| 9 (RLIN) | 471045 |
| Ключова дума | Русенска опера |
| 852 ## - Местоположение | |
| Форматна сигнатура | Цб IV 702 |
| Фондова буква | Хранилище |
| 999 ## - СИСТЕМНИ КОНТРОЛНИ НОМЕРА | |
| Koha biblionumber | 446171 |
| Koha biblioitemnumber | 446171 |
| 942 ## - АРТИКУЛИ | |
| Вид на библиотечния материал | Листова графика |
| Скрит в OPAC | Не |
| Периодичен библиозапис | Да |
| 944 ## - СЪЗДАВАНЕ И РЕДАКЦИЯ на ЗАПИСА | |
| Създаване/Редакция | Създаване |
| Дата на регистрацията/редакция | 2022-02-25 |
| Служител, извършил регистрацията/редакцията | ВП |
| Код за отписване | Код за изгубен артикул | Източник на класификационната схема | Код за повреда | Коз за рестрикции | Код за отдаване | Артикулен № | Име на библиотеката - собственик | Име на библиотеката, в която се намира в момента | Статус (Текущо местоположение) | Дата на вписване в системата | Местоположение - отдел | Цена в лева | Систематично азбучна сигнатура | Баркод | Цена в евро | Служебен тип на артикула |
|---|---|---|---|---|---|---|---|---|---|---|---|---|---|---|---|---|
| Не е изгубен | Universal Decimal Classification | Не е повреден | само за читалня | ползва се в читалня | 873943 | Регионална библиотека "Любен Каравелов" Русе | Регионална библиотека "Любен Каравелов" Русе | Хранилище | 2022-03-09 | Основен фонд - ползва се само за читалня | 5.00 | Цб IV 702 | 120000866976 | 2.56 | Листова графика |